• 首页
  • 本馆介绍
  • 公告通知
  • 最新文献
  • 馆藏检索
  • 电子资源
  • 读者导购
  • 参考咨询
  • 我的图书馆
  • 登录
  • 详细信息显示
  • 放入我的书架
  • 预约/预借图书
  • 作者相关作品
  • 分类相关作品
  • 丛书相关作品
  • 出版社相关作品

书目信息

  • 表格格式
  • 工作单格式
  • 卡片格式
题名:
燕都旧事
    
 
作者: 叶祖孚 著
分册:  
出版信息: 北京   中国书店出版  1998.12
页数: 285页
开本: 32开
丛书名:
单 册:
中图分类: K206.6
科图分类:
主题词: 中国--通史
电子资源:
ISBN: 7-80568-876-1
000 00516nam0 2200193 45
001 0004241460
005 20031219104045.0
010    @a7-80568-876-1@dCNY13.00
100    @a20000424d1998 km y0chiy0120 ea
101 0  @achi
105    @a z 000yy
200 1  @a燕都旧事@AYan Dou Jiu Shi@f叶祖孚著@FYe Zu Fu Zhu
210    @a北京@c中国书店出版@d1998.12
215    @a285页@d32开
606 0  @a中国@x通史
690    @aK206.6@v1
701  0 @a叶祖孚@4著
801    @aCN@bTSTC@c20000424
905    @b288177-181@dK206.6@e62@f5
    
    燕都旧事/叶祖孚著.-北京:中国书店出版,1998.12
    285页;32开
    
    
    ISBN 7-80568-876-1:CNY13.00
    
●
相关链接 在E读中查询图书 在五车中查询图书 在当当中查询图书 在豆瓣中查询图书


正题名:燕都旧事     索取号:K206.6/62         预约/预借

序号 登录号 条形码 馆藏地/架位号 状态 备注
1 0288177   002881778   第二借阅区/ [索取号:K206.6/62] 在馆    
2 0288178   002881787   第二借阅区/ [索取号:K206.6/62] 在馆    
3 0288179   002881796   第二借阅区/ [索取号:K206.6/62] 在馆    
4 0288180   002881803   第二借阅区/ [索取号:K206.6/62] 在馆    
5 0288181   002881812   第二样本阅览室/ [索取号:K206.6/62] 在馆    
唐山师范学院图书馆 欢迎您!
大连网信软件有限公司© 版权所有